[Event "Stare Mesto op"]
[Site "Stare Mesto"]
[Date "2008.08.12"]
[Round "6"]
[White "Jakubek, Peter"]
[Black "Naplava, Pavel"]
[Result "1-0"]
[WhiteElo "2160"]
[BlackElo "1948"]
[PlyCount "97"]
[EventDate "2008.08.08"]
[EventType "swiss"]
[EventRounds "10"]
[EventCountry "CZE"]
[SourceTitle "CBM 125 Extra"]
[Source "ChessBase"]
[SourceDate "2008.09.01"]
[SourceVersion "1"]
[SourceVersionDate "2008.09.01"]
[SourceQuality "1"]

1. d4 d5 2. Nf3 c6 3. e3 Nf6 4. Bd3 e6 5. Nbd2 Nbd7 6. 0-0 Be7 7. c3 0-0 8. Re1 c5 9. Qe2 b6 10. e4 dxe4 11. Nxe4 Bb7 12. Ng3 Rc8 13. Bd2 Nd5 14. a3 Qc7 15. Ne5 Nxe5 16. dxe5 Qc6 17. Be4 c4 18. Nh5 g6 19. Qg4 Qc7 20. Bxd5 Bxd5 21. Nf6+ Bxf6 22. exf6 Rfd8 23. Qg5 Qc5 24. Be3 Qf8 25. Qh4 Bb7 26. Rad1 Rc6 27. Rxd8 Qxd8 28. Qh6 Qf8 29. Rd1 Rc8 30. Rd7 Qxh6 31. Bxh6 Bc6 32. Rxa7 Rd8 33. h3 b5 34. Rc7 Be8 35. a4 bxa4 36. Rxc4 Ra8 37. f3 Rb8 38. Rb4 Ra8 39. Kf2 Bc6 40. Ke3 Bd5 41. c4 Bc6 42. Kd4 Rc8 43. Ke5 Rd8 44. h4 Be8 45. Rb6 Ra8 46. Kd6 Rc8 47. c5 Rd8+ 48. Ke7 Rc8 49. Rd6 1-0

[Event "CZE-ch U14"]
[Site "Sec u Chrudimi"]
[Date "2008.03.12"]
[Round "6"]
[White "Naplava, Pavel"]
[Black "Volcik, Ludek"]
[Result "0-1"]
[WhiteElo "1916"]
[BlackElo "2008"]
[PlyCount "57"]
[EventDate "2008.03.08"]
[EventType "swiss"]
[EventRounds "9"]
[EventCountry "CZE"]
[SourceTitle "EXT 2009"]
[Source "ChessBase"]
[SourceDate "2008.11.26"]
[SourceVersion "1"]
[SourceVersionDate "2008.11.26"]
[SourceQuality "1"]

1. e4 c6 2. d4 d5 3. Nc3 dxe4 4. Nxe4 Bf5 5. Ng3 Bg6 6. h4 h6 7. Nf3 Nd7 8. h5 Bh7 9. Bd3 Bxd3 10. Qxd3 Ngf6 11. Bf4 Qa5+ 12. Bd2 Qc7 13. 0-0 e6 14. Nh4 Bd6 15. f4 0-0 16. c4 c5 17. Kh1 Rad8 18. b3 cxd4 19. Qxd4 e5 20. Qf2 Nc5 21. Nhf5 exf4 22. Nxd6 fxg3 23. Qxg3 Qxd6 24. Bf4 Qd3 25. Rf3 Qf5 26. Re1 Nd3 27. Re5 Nxe5 28. Bxe5 Rd1+ 29. Kh2 0-1

[Event "CZE-ch U18 Girls/sf U18"]
[Site "Czech Republic"]
[Date "2008.??.??"]
[Round "2"]
[White "Naplava, Pavel"]
[Black "Kuca, Tomas"]
[Result "1-0"]
[WhiteElo "1972"]
[BlackElo "1662"]
[PlyCount "29"]
[EventDate "2008.??.??"]
[EventType "swiss"]
[EventRounds "9"]
[EventCountry "CZE"]
[SourceTitle "EXT 2011"]
[Source "ChessBase"]
[SourceDate "2010.11.26"]
[SourceVersion "1"]
[SourceVersionDate "2010.11.26"]
[SourceQuality "1"]

1. e4 e5 2. Nf3 Nc6 3. Bb5 a6 4. Ba4 Nf6 5. d4 b5 6. Bb3 Nxe4 7. 0-0 Be7 8. Re1 Ng5 9. Nxg5 Bxg5 10. Qh5 0-0 11. Bxg5 Qe8 12. Nc3 Nxd4 13. Nd5 Ra7 14. Nf6+ gxf6 15. Bxf6 1-0